|
|
|
|
| LEADER |
00000cam a2200000 7i4500 |
| 001 |
0000012305 |
| 005 |
20150201.0 |
| 008 |
071212 |
| 020 |
|
|
|a 9833710018
|
| 090 |
0 |
0 |
|a 155.2
|b ALL
|
| 100 |
1 |
|
|a Allen, James
|
| 245 |
1 |
4 |
|a The mastery of destiny
|c James Allen
|
| 260 |
|
|
|a Selangor :
|b Masterpiece Publication ,
|c 2006
|
| 650 |
|
0 |
|a Character
|
| 650 |
|
0 |
|a English fiction
|
| 650 |
|
0 |
|a New thought
|
| 710 |
0 |
|
|a Title
|
| 999 |
|
|
|a 0000936718
|b Book
|c Adult Collection
|e Cawangan Bandar Tenggara
|
| 999 |
|
|
|a 0001003499
|b Book
|c Adult Collection
|e Perbadanan Perpustakaan Awam Johor
|
| 999 |
|
|
|a 0001003501
|b Book
|c Adult Collection
|e Cawangan Bandar Tenggara
|
| 999 |
|
|
|a 0001003502
|b Book
|c Adult Collection
|e Perbadanan Perpustakaan Awam Johor
|
| 999 |
|
|
|a 0001011236
|b Book
|c Adult Collection
|e Perbadanan Perpustakaan Awam Johor
|
| 999 |
|
|
|a 0001057931
|b Book
|c Adult Collection
|e Cawangan Tmn. Ungku Tun Aminah
|